| 000 | 01676cam a2200253 a 4500 | ||
|---|---|---|---|
| 005 | 20250820135221.0 | ||
| 020 | _a9780702072765 | ||
| 020 | _a9780702072840 | ||
| 020 | _a9780702072772 | ||
| 050 | 4 |
_aRT69.7 _b.W35 |
|
| 100 | 1 | _aWaugh, Anne. | |
| 245 | 1 | 0 |
_aRoss & Wilson anatomy and physiology in health and illness / _cAnne Waugh, BSc(Hons), MSc, CertEd, SRN, RNT, FHEA, Former Senior Teaching Fellow and Lecturer, School of Health and Social Care, Edinburgh Napier University, Edinburgh, UK, Allison Grant, BSc, PhD, FHEA, Lecturer, Department of Health and Life Sciences, Glasgow Caledonian University, Glasgow, UK ; illustrations by Richard Tibbitts, Antbits Limited. |
| 250 | _a14th edition. | ||
| 260 |
_aLondon _bElsevier _c2021 |
||
| 300 |
_axix, 560 pages : _bcolor illustrations ; _c28 cm. |
||
| 500 | _aPreceded by Ross and Wilson anatomy and physiology in health and illness / Anne Waugh, Allison Grant. 12th ed. 2014. | ||
| 505 | 0 | _aThe body and its constituents. Anatomy and organization of the body -- Physiological chemistry and processes ; Cells and tissues ; Communication. The blood ; The cardiovascular system ; The lymphatic system ; The nervous system ; The special senses ; The endocrine system -- Intake of raw materials and elimination of waste. The respiratory system ; Introduction to nutrition ; The digestive system ; The urinary system -- Protection and survival. The skin ; Resistance and immunity ; The musculoskeletal system ; Introduction to genetics ; The reproductive systems. | |
| 650 | 0 | _aHuman anatomy. | |
| 650 | 0 | _aHuman physiology. | |
| 650 | 0 | _aPathology. | |
| 650 | 0 | _aNursing. | |
| 700 | 1 | _aGrant, Allison | |
| 942 | _cBK | ||
| 999 |
_c8457 _d8457 |
||